<?xml version="1.0" encoding="UTF-8"?><?xml-stylesheet type="text/xsl" href="static/style.xsl"?><OAI-PMH xmlns="http://www.openarchives.org/OAI/2.0/" xmlns:xsi="http://www.w3.org/2001/XMLSchema-instance" xsi:schemaLocation="http://www.openarchives.org/OAI/2.0/ http://www.openarchives.org/OAI/2.0/OAI-PMH.xsd"><responseDate>2026-04-27T23:23:22Z</responseDate><request verb="GetRecord" identifier="oai:uvadoc.uva.es:10324/5848" metadataPrefix="marc">https://uvadoc.uva.es/oai/request</request><GetRecord><record><header><identifier>oai:uvadoc.uva.es:10324/5848</identifier><datestamp>2021-06-29T09:56:10Z</datestamp><setSpec>com_10324_38</setSpec><setSpec>col_10324_852</setSpec></header><metadata><record xmlns="http://www.loc.gov/MARC21/slim" xmlns:doc="http://www.lyncode.com/xoai" xmlns:xsi="http://www.w3.org/2001/XMLSchema-instance" xmlns:dcterms="http://purl.org/dc/terms/" xsi:schemaLocation="http://www.loc.gov/MARC21/slim http://www.loc.gov/standards/marcxml/schema/MARC21slim.xsd">
<leader>00925njm 22002777a 4500</leader>
<datafield tag="042" ind1=" " ind2=" ">
<subfield code="a">dc</subfield>
</datafield>
<datafield tag="720" ind1=" " ind2=" ">
<subfield code="a">Fernández Medrano, Isabel</subfield>
<subfield code="e">author</subfield>
</datafield>
<datafield tag="260" ind1=" " ind2=" ">
<subfield code="c">2014</subfield>
</datafield>
<datafield tag="520" ind1=" " ind2=" ">
<subfield code="a">En este trabajo se expone la importancia de la pizarra digital como recurso didáctico para el estudio de la lógico-matemática en educación infantil. Para ello, se ha hecho una investigación sobre la importancia de las nuevas tecnologías, centrándose en la pizarra digital. Además, del estudio de las ventajas e inconvenientes que ésta tiene. También, se habla de la importancia de la lógico-matemática como uno de los principales contenidos de la educación infantil. Para ello, se hace una conexión entre el instrumento, que es la pizarra digital y el contenido de la lógico-matemática. Se realiza un análisis de alguna de las páginas Web encontradas en Internet, centrándose en una de ellas debido al buen trabajo que hace de ese contenido. &#xd;
Finalmente, se ha hecho una unidad didáctica donde se utilizan algunas de las actividades de las páginas web analizadas. Terminando el trabajo con un análisis y unas conclusiones donde se analiza cómo ha sido el trabajo y posibles futuras líneas de trabajo relacionadas con el tema.</subfield>
</datafield>
<datafield tag="024" ind2=" " ind1="8">
<subfield code="a">http://uvadoc.uva.es/handle/10324/5848</subfield>
</datafield>
<datafield ind1=" " ind2=" " tag="653">
<subfield code="a">Informática-Aplicaciones en educación</subfield>
</datafield>
<datafield ind1=" " ind2=" " tag="653">
<subfield code="a">Pizarra digital</subfield>
</datafield>
<datafield tag="245" ind1="0" ind2="0">
<subfield code="a">Aplicación de la pizarra digital en la enseñanza de contenidos lógico-matemáticos en Educación Infantil</subfield>
</datafield>
</record></metadata></record></GetRecord></OAI-PMH>